[Event "Capablanca Memorial Elite 36th"]
[Site "Havana"]
[Date "2001.05.12"]
[Round "7"]
[White "Arencibia Rodriguez, Walter"]
[Black "Luther, Thomas"]
[Result "1-0"]
[WhiteElo "2543"]
[BlackElo "2568"]
[Annotator "Horn,Pe"]
[PlyCount "95"]
[EventDate "2001.05.05"]
[EventType "tourn"]
[EventRounds "12"]
[EventCountry "CUB"]
[EventCategory "13"]
[SourceTitle "CBM 084"]
[Source "ChessBase"]
[SourceDate "2001.09.13"]
[SourceVersion "1"]
[SourceVersionDate "2001.09.13"]
[SourceQuality "1"]

1. Nf3 d5 2. g3 c6 3. Bg2 Bg4 4. c4 e6 5. Ne5 Bf5 6. Qb3 $146 (6. cxd5 exd5 7.
O-O Nd7 (7... Bd6 8. d4 (8. Nf3 Nf6 9. d3 O-O 10. Nc3 Re8 11. Qc2 h6 12. Re1
Nbd7 13. Bd2 Bh7 14. Rad1 a5 15. Bc1 Nc5 16. e3 Qb6 17. Na4 Nxa4 18. Qxa4 Qa6
19. Bf1 c5 20. Qc2 c4 $36 {Loginov,V-Bryzgalin,K/St Petersburg 2000}) 8... Nf6
9. Nc3 Nbd7 10. Bf4 Qb8 11. Nxd7 Bxd7 12. Bg5 Be7 13. e4 $36 {Pigusov,
E-Kaidanov,G/Moscow 1987}) 8. d4 Bd6 9. Bf4 Bxe5 10. dxe5 Ne7 11. Nc3 Ng6 12.
e4 Bxe4 13. Nxe4 dxe4 14. Qd4 Nxf4 15. gxf4 f5 $17 {Kengis,E-Yakovich,Y/Minsk
1986}) (6. O-O Nd7 7. Nxd7 Qxd7 8. Nc3 Nf6 9. d4 Be7 10. Qb3 O-O 11. Bf4 $13 {
Hodgson,J-King,D/Gausdal 1990}) 6... Qb6 ({Hier bot sich} 6... Nd7 {an, was
das Decken von b7 mit Entwicklung verbindet.} 7. Nxd7 (7. d4 Nxe5 8. dxe5 Qc7)
7... Qxd7) 7. d3 Nf6 (7... Qxb3 8. axb3 $14 {Es scheint mir, daß Weiß
Aussichten auf eine Initiative am Damenflügel besitzt.}) 8. Nd2 Qxb3 {Kommt
etwas überraschend, nachdem Schwarz den Tausch im vorigen Zug verschmäht hat.}
9. Nxb3 (9. axb3 {Gegenüber dem Tausch im vorigen Zug ist hier der Nd2
ungünstig plaziert. Hätte er noch die Wahl, würde Weiß ihn lieber über c3
entwickeln.}) 9... Nbd7 (9... Bd6) 10. Nxd7 Nxd7 11. cxd5 cxd5 12. Bd2 Bg4 $2 {
Es gab noch nützliche Entwicklungszüge.} ({z.B.} 12... Rc8) 13. f4 {[%cal
Yh2h3] Nun zeigt sich, daß der Bg4 sogar ungünstig plaziert ist: Schwarz muß
mit h3,g4 und etl. f5 rechnen.} (13. e4 {war weniger direkt:} Ne5 14. exd5
Nxd3+ 15. Kf1 exd5 16. Bxd5) 13... Bh5 14. Rc1 Bd6 (14... Nf6 15. Rc7 $16) 15.
e4 dxe4 16. Bxe4 $1 {Kostet schon einen glatten P.} Rb8 17. Bxb7 O-O (17...
Rxb7 $4 18. Rc8+ $18) 18. Bg2 Rfc8 19. Rxc8+ Rxc8 20. Bc3 Bg6 21. Kd2 e5 22.
Rf1 (22. Bh3 $5) 22... exf4 23. gxf4 Kf8 24. Nd4 Nc5 25. f5 Bh5 26. h3 Be7 (
26... Na4) 27. Bf3 Bxf3 28. Nxf3 Na4 29. Ne5 f6 (29... Bg5+ 30. Kc2) 30. Nc4
Rd8 31. Rf4 Rd5 32. Ne3 Nxc3 33. bxc3 Ra5 34. a4 g5 35. Rc4 Bd6 36. Rc6 Bf4 37.
Rxf6+ Kg7 38. Re6 Rxa4 39. Ke2 Ra2+ 40. Kf3 Rh2 41. Ke4 Rxh3 (41... Bxe3 42.
Kxe3 Rxh3+ 43. Ke4 $18) 42. Nd5 Bb8 43. f6+ Kf8 ({Auch nach} 43... Kg6 {
ist gegen die besser zusammenwirkenden weißen Steine schwer etwas zu machen:}
44. Re7 (44. Re8 Rh4+) 44... Rh4+ 45. Ke3 Rh3+ 46. Kd4 a5 (46... Bd6 47. Rd7
Rh4+ 48. Ke3 Bf4+ 49. Kf3) 47. Rg7+ Kf5 48. Kc5 $18) 44. Re7 g4 45. Rb7 (45.
Rd7) 45... Bh2 46. Rg7 a5 (46... h5 47. Ne7 Rf3 48. Ng6+ Ke8 49. Re7+ Kd8 50.
f7 $18) 47. Nb6 Bd6 48. Nd7+ 1-0

[Event "Munich SKA"]
[Site "Munich"]
[Date "1992.??.??"]
[Round "3"]
[White "Gelfand, Boris"]
[Black "Hertneck, Gerald"]
[Result "1/2-1/2"]
[WhiteElo "2665"]
[BlackElo "2530"]
[Annotator "Horn,Pe"]
[PlyCount "61"]
[EventDate "1992.05.??"]
[EventType "tourn"]
[EventRounds "11"]
[EventCountry "GER"]
[EventCategory "14"]
[SourceTitle "CBM 030"]
[Source "ChessBase"]
[SourceDate "1992.10.01"]
[SourceVersion "1"]
[SourceVersionDate "1992.10.01"]
[SourceQuality "1"]

1. Nf3 d5 2. c4 c6 3. e3 Bg4 4. cxd5 (4. Qb3 $5) 4... Bxf3 5. gxf3 cxd5 6. Qb3
Qd7 (6... Qc7 $2 7. Bb5+ Nd7 8. Qxd5 $1 Qxc1+ 9. Ke2 Qc7 10. Rc1 Qd6 11. Qxb7
Rd8 12. Qxa7 $16 {Murej-Sorm, Luxemburg 1986}) 7. Nc3 e6 8. d4 Nc6 9. Bd2 Bd6
10. O-O-O Nge7 11. Kb1 O-O 12. Rc1 Rfc8 13. f4 Na5 (13... a6 $2 14. Na4) 14.
Qb5 $1 Qd8 (14... Qxb5 15. Nxb5 $18) 15. Nxd5 $1 Rxc1+ 16. Kxc1 Nxd5 17. Bxa5
Qh4 18. Qe2 (18. Qxb7 $2 Rb8 {/\ Qf2-+}) (18. Be1 $2 Nxe3) 18... g5 19. Rg1 (
19. fxg5 $2 Rc8+ 20. Kd1 (20. Kb1 Qe4+ $19) 20... Qe4 21. Rg1 Qb1+ $19) 19...
Kh8 20. Bd2 (20. Rxg5 $2 Nxf4 21. Qg4 (21. exf4 Bxf4+ 22. Bd2 Qxg5 $19) 21...
Qxf2) (20. fxg5 $2 Bb4 $1 21. Bxb4 Nxb4 22. a3 (22. Rg4 Qh5) 22... Rc8+) 20...
gxf4 21. e4 Nb6 22. Qg4 Qxg4 23. Rxg4 Rc8+ 24. Kb1 Rd8 25. Bg2 (25. e5 $4 Bxe5
26. dxe5 Rxd2) 25... Be5 26. Bxf4 Bxd4 27. e5 Rg8 28. Rxg8+ Kxg8 29. Bg3 Nc4
30. Bxb7 (30. b3 Nxe5 31. Bxb7) 30... Nxb2 31. Kc2 1/2-1/2

[Event "Barcelona"]
[Site "Barcelona"]
[Date "1992.05.??"]
[Round "3"]
[White "Gurevich, Mikhail"]
[Black "Dorfman, Josif D"]
[Result "1/2-1/2"]
[WhiteElo "2635"]
[BlackElo "2605"]
[Annotator "Horn,Pe"]
[PlyCount "215"]
[EventDate "1992.05.??"]
[EventType "tourn"]
[EventRounds "11"]
[EventCountry "ESP"]
[EventCategory "13"]
[SourceTitle "CBM 030"]
[Source "ChessBase"]
[SourceDate "1992.10.01"]
[SourceVersion "1"]
[SourceVersionDate "1992.10.01"]
[SourceQuality "1"]

1. Nf3 d5 2. c4 c6 3. e3 Nf6 4. Nc3 (4. b4 $5 {Speelman-Hertneck, München 1992}
) 4... Bg4 (4... e6 5. d4 {->D}) 5. Qb3 Qb6 6. cxd5 (6. Ne5 Be6 7. Qc2 Nbd7 8.
d4 g6 9. f4 Bf5 10. Bd3 e6 $10 {Sokolov-Bagirov, Moskau GMA 1988}) (6. Qxb6
axb6 7. cxd5 Bxf3 8. gxf3 Nxd5 $10 (8... cxd5 9. Bb5+ Nc6 10. b3)) 6... Bxf3 7.
gxf3 Nxd5 8. Qc4 (8. Nxd5 Qxb3 9. axb3 (9. Nc7+ Kd8 10. axb3 Kxc7 $10) 9...
cxd5 $10) 8... e6 $10 9. Bg2 Nd7 10. d4 Bd6 11. f4 f5 12. Bf3 (12. e4 $2 fxe4
13. Nxe4 Bxf4 (13... Qb4+ $17) 14. Bxf4 Nxf4 $17) 12... N7f6 13. Bd2 O-O (13...
Qxb2 $2 14. Rb1 Qa3 15. Rxb7) 14. Na4 Qc7 15. Qc2 Rac8 16. O-O Qe7 17. Kh1 h5 {
/\ Ng4} 18. Rg1 (18. h3 g5 $5 19. fxg5 Ng4 20. hxg4 $2 (20. Rg1 Qxg5 21. hxg4 (
21. Rg2 Qh4) 21... Qh4+ 22. Kg2 fxg4) 20... hxg4 21. Bxd5 Qh7+ $19) 18... Ng4
19. Rg2 Qh4 $15 20. Kg1 Qh3 21. Bxd5 cxd5 (21... exd5 $2 22. Nc5 {/\ Ne6-g5,
Nxb7}) 22. Qd1 Kh7 (22... g5 $2 23. f3) 23. f3 Nh6 24. Nc3 Nf7 {/\ g5} 25. Be1
{/\ Rg3+-} h4 26. Bd2 Rg8 27. Kh1 g5 28. Qf1 (28. fxg5 $2 Nxg5 29. f4 Nf3 $19)
28... g4 (28... Rg6 {/\ Rag8} 29. Ne2 $2 {/\ Ng1+-} gxf4 30. Rxg6 Qxf1+ 31.
Rxf1 Kxg6 32. Nxf4+ Bxf4 33. exf4 Rc2 $17) (28... gxf4 $2 29. Rg7+ Rxg7 30.
Qxh3 $18) 29. fxg4 Rxg4 (29... fxg4 30. f5 Ng5 31. fxe6 Nf3 32. Qd3+ Kh8 33.
Qf5 Nxh2) 30. Rxg4 Qxg4 31. Qf2 Rg8 (31... Nh6 $2 32. Rg1 Qh5 33. Rg5) 32. Rg1
Qxg1+ (32... Qh5 $5 33. Rxg8 Kxg8 34. Qg2+ Kh7 $15) 33. Qxg1 Rxg1+ 34. Kxg1 Bb4
{/\ Bxc3} 35. Nb1 $1 Be7 (35... Bxd2 $2 36. Nxd2 $14) 36. Kg2 Kg6 37. Bc3 Nh6
38. h3 Ng8 39. Be1 Kh5 40. Nd2 Nf6 (40... Bb4 41. Nf3) 41. Nf3 Ne4 42. Kf1 Bf6
43. Ke2 Nd6 44. Nd2 Nc4 45. Nb3 b6 46. Bc3 Kg6 47. Nc1 Kf7 48. Nd3 Nd6 49. Nb4
Ke8 50. Nc6 Nc8 51. Be1 Kd7 52. Nb4 Ne7 53. Nd3 Nc6 54. Kd1 Be7 55. Kc2 Kc7 56.
Kb3 Kb7 57. Bd2 Kc7 58. Ka4 Kb7 59. Ne1 Bf6 60. Nf3 Ne7 61. Bb4 Ng6 62. Bd6 Kc6
63. Bb8 a6 64. b4 Kd7 65. Kb3 Kc6 66. a3 Kd7 67. Be5 Nxe5 68. fxe5 Be7 69. Kc3
Kc6 70. a4 a5 71. bxa5 bxa5 72. Kd3 Kb6 73. Ke2 Bd8 74. Ne1 Kc6 75. Kf3 Bg5 76.
Nd3 Be7 77. Kf4 Kd7 78. Nc1 Kc6 79. Nb3 Kb6 80. Nd2 Kc6 81. Nf3 Kd7 82. Ng5 Bf8
83. Nf7 Be7 84. Nd6 Kc7 (84... Bxd6 $2 85. exd6 Kxd6 86. Kg5) 85. Kf3 Bf8 86.
Nb5+ Kc6 87. Nc3 Kc7 88. Ne2 Kc6 89. Nf4 Kd7 90. Ng2 Be7 91. Kf4 Kc6 92. Ne1
Kc7 93. Nd3 Kc6 94. Nc1 Kc7 95. Kf3 Bf8 96. Ne2 Kc6 97. Nc3 Kc7 98. Nb5+ Kc6
99. Nd6 Kc7 100. Nf7 Kd7 101. Kf4 Be7 102. Nd6 Kc7 103. Ne8+ Kd8 104. Nf6 Bb4
105. Kg5 Bd2 106. Nh7 Ke7 107. Kf4 Bb4 108. Kf3 1/2-1/2

[Event "Capablanca Memorial Elite 34th"]
[Site "Havana"]
[Date "1999.05.18"]
[Round "10"]
[White "Arencibia Rodriguez, Walter"]
[Black "Comas Fabrego, Luis"]
[Result "1-0"]
[WhiteElo "2520"]
[BlackElo "2541"]
[Annotator "Horn,Pe"]
[PlyCount "77"]
[EventDate "1999.05.??"]
[EventType "tourn"]
[EventRounds "13"]
[EventCountry "CUB"]
[EventCategory "12"]
[SourceTitle "CBM 071"]
[Source "ChessBase"]
[SourceDate "1999.08.01"]
[SourceVersion "1"]
[SourceVersionDate "1999.08.01"]
[SourceQuality "1"]

1. Nf3 Nf6 2. g3 g6 3. b3 Bg7 4. Bb2 O-O 5. Bg2 d5 6. c4 c6 7. O-O Bg4 8. d3
Bxf3 {Diese Verteidigung war in den 70er Jahren recht populär. Schwarz hat ein
recht solides Spiel, muß aber aufpassen, daß Bf3 nicht zu stark wird.} (8...
Nbd7 {ist die Alternative} 9. Nbd2 {und Weiß kann mit dem Nd2 auf f3
wiedernehmen.}) 9. Bxf3 Re8 (9... Nbd7 10. Nd2 (10. Bg2 Re8 (10... e6 11. Nd2
a5 12. Qc2 Qe7 13. a3 Rfc8 14. Rfc1 Ne8 15. Bxg7 Nxg7 16. Qb2 Qf6 17. Rab1 Qxb2
18. Rxb2 $14 {Bilek,I-Flesch,J/Budapest 1971}) 11. Nd2 (11. cxd5 cxd5 12. Nc3
e6 13. Qd2 Rc8 14. Rfc1 a6 15. Rc2 Qc7 16. Rac1 Qb8 $11 {Mecking-Unzicker/
Palma de Mallorca/1969}) 11... a5 (11... e5 12. Qc2 (12. b4 Qe7 13. Qb3 e4 14.
cxd5 cxd5 15. dxe4 Nxe4 {1/2-1/2 Sher,M-Lalic,B/Andorra 1993}) 12... Rc8 13. b4
Qe7 14. Qb3 e4 $11 {Lutsko-Shirov/Riga/1986}) 12. Qc2 e6 13. e3 Qe7 14. a3 Nh5
$11 {Larsen,B-Uhlmann,W/Las Palmas 1971/Candidates}) (10. e3 e6 11. Nd2 Re8 12.
Qc2 Rc8 13. Rac1 b5 14. Be2 bxc4 15. bxc4 Rb8 16. Ba1 Qa5 17. Nb3 $14 {
Olafsson-Ogaard/Reykjavik/1978}) 10... e6 11. Qc2 (11. b4 Qe7 (11... Ne8 12.
Qc2 Bxb2 13. Qxb2 Qf6 14. Rab1 Qxb2 {1/2-1/2 Vaganian,R-Petrosian,T/Tallinn
1979}) 12. Qb3 (12. a4 a6 13. Qb3 b5 14. axb5 axb5 15. c5 Rfc8 16. Ra2 Ne8 17.
Rfa1 Rxa2 18. Rxa2 Nc7 {1/2-1/2 Langeweg,K-Uhlmann,W/Amsterdam 1972}) 12... b5
$1 13. cxb5 cxb5 14. Rac1 Rac8 15. e3 $11 {Larsen,B-Uhlmann,W/Las Palmas 1971/
Candidates}) 11... Qe7 (11... Qc7 12. Rac1 Rac8 13. b4 Rfd8 14. Qb3 Qd6 15.
Rfd1 Ne8 16. a4 b6 17. Bxg7 Nxg7 18. d4 Nf5 19. e3 Kg7 20. Rc2 $14 {Peterson,
A-Osnos,V/Kiev 1964/URS-ch32}) (11... Ne8 12. Bxg7 Nxg7 13. b4 (13. Bg2 Nf5 14.
Nf3 Qf6 15. e3 Rac8 16. Rac1 Rfd8 17. Rfe1 Rc7 18. e4 $14 {Hansen-Iskov/
Copenhagen/1983}) 13... Ne5 14. Bg2 Nf5 15. Qb2 Qf6 16. Rab1 h5 17. e4 Ne7 18.
b5 $14 {Petrosian,T-Teufel/Bamberg/1968/}) (11... Re8 12. Rab1 a5 13. a3 Qe7
14. Rfd1 h5 15. h4 Ng4 16. Bxg7 Kxg7 17. b4 Nde5 18. Qb2 Qf6 19. Bxg4 hxg4 20.
bxa5 $16 {Kengis,E-Huzman,A/Vienna 1996}) 12. Bg2 (12. a3 Rfc8 13. Rac1 Ne8 14.
Bxg7 Kxg7 15. Qb2+ Qf6 {1/2-1/2 Ivkov,B-Uhlmann,W/Amsterdam 1971}) (12. Rac1 a5
13. cxd5 exd5 14. e4 dxe4 15. dxe4 Ne5 16. Be2 Rfd8 17. f4 Neg4 $11 {
Gutman-Schaefer/Mengen/1990}) 12... Rfd8 13. a3 a5 14. d4 b5 15. a4 b4 16. Rac1
Qf8 17. Qd3 c5 18. e3 cxd4 19. exd4 dxc4 20. Nxc4 Ra7 21. Rfe1 Rc8 22. Ne3 $14
{Dzindzichashvili,R-Schmidt,W/Buenos Aires 1978}) (9... e6 10. Nd2 (10. Nc3
Nbd7 11. Qc2 (11. Bg2 Re8 12. Rc1 h5 13. cxd5 exd5 14. Qc2 h4 15. e4 hxg3 16.
hxg3 Nb6 $11 {Webb-Damjanovic/Hastings/1976}) 11... Rc8 12. e4 Ne5 13. Be2 d4
14. Nd1 c5 15. f4 $14 {Savon-Gallagher/Baku/1988}) 10... a5 (10... Na6 $6 11.
a3 Nc7 12. Qc2 Qe7 13. Be5 Nce8 14. Qb2 Bh6 15. Rfd1 c5 16. e3 Nd7 17. Bc3 $16
{Ekstroem-Gallagher/SWZ-GP/1990}) 11. a3 Nbd7 (11... Qb6 12. Bg2 Nfd7 13. Bxg7
Kxg7 14. Qc2 Qd4 15. Rab1 Ne5 16. Rfc1 Nbd7 17. b4 Ng4 18. Qb2 Qxb2 19. Rxb2
$11 {Schmidt-Spiridonov/Brno/1975}) 12. d4 Qb6 13. Qc2 Rfd8 14. Rac1 Rac8 15.
Rfd1 h5 16. e4 dxe4 17. Nxe4 Nxe4 18. Bxe4 Nf8 19. Rd3 $14 {Langeweg,
K-Whiteley,A/Vienna 1972}) (9... a5 10. a3 Nbd7 11. cxd5 cxd5 12. Nc3 Ne5 13.
Bg2 Nc6 14. d4 e6 15. e3 Nd7 16. Re1 $14 {Karlsson-Hebert/Thessaloniki ol/1984}
) 10. Nd2 e6 $146 {Der Sinn des schwarzen Aufbaus: auf cxd5 soll jetzt wohl
exd5 erfolgen.} (10... Nbd7 11. b4 e5 12. cxd5 cxd5 13. Qb3 e4 14. dxe4 dxe4
15. Bg2 a5 16. Nc4 axb4 17. Qxb4 $16 {Nizamov,I-Karavaev,V/Azov 1996}) (10...
a5 11. a3 Na6 12. Bg2 Qd6 13. Qc2 Rec8 (13... e5 {Chekhov} 14. cxd5 cxd5 15.
Rfc1) 14. Rac1 Qd8 15. Rfd1 (15. Nf3 $5 {Chekhov}) 15... Nc5 (15... b5 $5 {
Chekhov} 16. Qb1) 16. d4 Ncd7 17. Qd3 $14 {Larsen,B-Panno,O/Buenos Aires 1980})
(10... e5 $5 {Chekhov}) 11. b4 Nbd7 12. Qc2 h5 13. Nb3 Qb8 (13... Qc7 {war
auch zu erwägen, zumal die Qb8 sich wenig später dort einfindet.}) 14. Bg2 h4 {
Eine harmlose Demonstration.} 15. e4 dxe4 16. dxe4 e5 17. c5 Qc7 18. Rad1 $16
Bf8 19. Rd3 {[%cal Yf1d1]} a5 $6 {Das ist eine recht verzweifelte Methode,
Gegenspiel zu suchen.} (19... b6 20. Rfd1 bxc5 21. bxc5 Rab8 22. Bc1 $16 {
[%cal Yc1d2,Yd2a5]}) 20. bxa5 Rxa5 21. Nxa5 Qxa5 {Schwarz kann noch auf den
Pc5 rechnen, aber ein Bauer für die Qualität ist bei den aktiven weißen
Figuren doch recht wenig. Es ist aber überraschend schwer, dem weißen Spiel
eine Spitze zu geben.} 22. Rf3 $2 {Verhindert zwar kurzfristig Nxc5, der R hat
hier aber keine realen Perspektiven.} (22. Bc3 $5) (22. Rfd1 $5 Nxc5 23. Bc3 (
23. Ra3 Qb5) 23... Qa3 24. Rd8 Rxd8 25. Rxd8 hxg3 26. hxg3 Ncxe4 27. Bxe5 Qe7
28. Bxf6 Nxf6 29. Qd2 $16) 22... Kg7 23. Bh3 Nxc5 24. Re3 ({Vielleicht war
ursprünglich} 24. Rxf6 Kxf6 25. f4 {geplant, aber nach} Kg7 $15 {hat Schwarz
die besseren Karten.}) 24... Na4 ({Natürlich nicht} 24... Qxa2 $4 25. Ra1) 25.
Bc1 (25. Ba1 {verfolgt die langfristige Absicht f2-f4.}) 25... Bc5 26. Rf3 {
Das weiße Spiel in dieser Phase hinterläßt einen etwas ratlosen Eindruck.} hxg3
27. hxg3 Be7 28. Bd2 Qa6 29. Re1 (29. Rc1 $5) 29... b5 {Da Weiß nichts
einfällt, setzt Schwarz seine Majorität in Bewegung.} 30. Bg5 c5 31. Bxf6+ (31.
Rd1) (31. Rd3 c4 32. Rdd1 Nc5 $44) 31... Bxf6 32. Rd3 Rh8 (32... c4 $13) 33.
Bd7 Qa5 $2 {Schwarz hatte große Fortschritte gemacht; mit diesem Zug wirft er
aber alles wieder weg.} (33... c4 $132 {zum Beispiel} 34. Rdd1 Nc5) 34. Rb1 $1
c4 35. Rf3 Nc5 (35... Rb8 36. Ra3 $1 $18 {[%cal Ra3a4]}) 36. Bxb5 {Das wars.}
Ne6 37. Bxc4 Nd4 38. Qc3 Qa7 39. Re3 1-0

[Event "Munich SKA"]
[Site "Munich"]
[Date "1992.??.??"]
[Round "9"]
[White "Speelman, Jonathan S"]
[Black "Hertneck, Gerald"]
[Result "1/2-1/2"]
[WhiteElo "2630"]
[BlackElo "2530"]
[Annotator "Horn,Pe"]
[PlyCount "88"]
[EventDate "1992.05.??"]
[EventType "tourn"]
[EventRounds "11"]
[EventCountry "GER"]
[EventCategory "14"]
[SourceTitle "CBM 030"]
[Source "ChessBase"]
[SourceDate "1992.10.01"]
[SourceVersion "1"]
[SourceVersionDate "1992.10.01"]
[SourceQuality "1"]

1. Nf3 d5 2. c4 c6 3. e3 Nf6 4. b4 (4. Nc3 Bg4 5. Qb3 Qb6 $10) 4... Bg4 5. Bb2
Nbd7 6. h3 Bxf3 7. Qxf3 e5 $6 (7... e6 $10) 8. cxd5 cxd5 9. Bb5 Bd6 (9... Bxb4
$2 10. Bxe5 O-O 11. Bxd7 Nxd7 12. Bxg7 $1 Kxg7 13. Qg4+ Kh8 14. Qxb4 $16) 10.
Nc3 e4 11. Qf5 (11. Qe2 O-O $15) 11... g6 12. Nxd5 (12. Qg5 $6 h6 13. Qh4 g5) (
12. Nxe4 $5) (12. Bxd7+ $2 Kf8 $8 13. Qg5 h6 14. Qh4 g5 $17 {Speelman}) 12...
gxf5 13. Bxf6 (13. Nxf6+ Ke7 $13) 13... Qc8 $2 {ermöglicht Weiß, unter
Tempogewinn die d-Linie zu besetzen} (13... Qb8 $1 {/\ Be5} 14. Bxh8 Be5 $15 {
Speelman}) 14. Bxh8 {/\ Nf6} Kf8 15. O-O Nb6 16. Rfc1 Qb8 (16... Qd8 $5 17. Bf6
Bh2+ 18. Kxh2 Qxd5 $13) 17. Nxb6 axb6 18. a4 (18. a3 Be5 19. Bxe5 Qxe5) 18...
Bxb4 (18... Be5 19. Bxe5 Qxe5 20. Ra2 Rd8 21. Rac2 {/\ Rc7|^}) (18... Qd8 $5
19. Bd4 Rc8 20. Rxc8 Qxc8 21. Bxb6 Bxb4 $10) 19. Rc4 Bc5 (19... Bxd2 $2 20. Rd1
Ba5 21. Rd7 $18) 20. Rac1 (20. Bd4 $1 Bxd4 21. Rxd4 {/\ Rc1} Qc7 22. Rc4 Qd6
23. Rac1 {Speelman}) 20... Qd8 (20... Qd6 $2 21. Bd4 {/\ Rxc5}) 21. Bd4 f4 $1 {
/\ f3} (21... Bxd4 $2 22. Rxd4 {/\ Rd7,Rc7}) (21... Rc8 $2 22. a5) (21... Bd6
22. g3 f6 $14) 22. Bxc5+ bxc5 23. exf4 (23. Rxe4 Qxd2 24. Rxc5 Qe1+ 25. Kh2 (
25. Bf1 Rd8) 25... fxe3 26. fxe3 Rd8 27. Rf5 {><f7}) 23... Qxd2 24. Rxc5 Qxf4
$2 (24... Rd8 $1) 25. Rd1 {/\ Rd7,Rcc7} e3 26. Rc2 Kg7 27. fxe3 $2 (27. Re2
exf2+ 28. Rxf2 Qe4 29. Rd7 Rf8) 27... Qxe3+ 28. Kh1 Qb3 29. Rcc1 Rc8 {es ist
günstig, ein R-Paar zu tauschen} 30. Rf1 Rxc1 31. Rxc1 Qd5 32. Rf1 $10 h5 33.
Rf3 h4 34. Kh2 Kf8 35. Kh1 Qe5 36. Kg1 Ke7 37. Kh1 f6 38. Kg1 Kd6 39. Kh1 Kc5
40. Kg1 f5 41. Kh1 f4 42. Kh2 Kb4 43. Kh1 Ka5 44. Kh2 Kb4 1/2-1/2

[Event "Walsall op"]
[Site "Walsall"]
[Date "1992.??.??"]
[Round "5"]
[White "Drazic, Sinisa"]
[Black "Wells, Peter K"]
[Result "0-1"]
[WhiteElo "2410"]
[BlackElo "2455"]
[Annotator "Horn,Pe"]
[PlyCount "80"]
[EventDate "1992.??.??"]
[EventType "swiss"]
[EventRounds "7"]
[EventCountry "ENG"]
[SourceTitle "CBM 032"]
[Source "ChessBase"]
[SourceDate "1993.02.01"]
[SourceVersion "1"]
[SourceVersionDate "1993.02.01"]
[SourceQuality "1"]

1. c4 Nf6 2. g3 c6 3. Bg2 d5 4. b3 (4. Nf3 dxc4 $5) 4... a5 $5 $146 5. Nf3 (5.
cxd5 cxd5 6. Bb2 $13) 5... a4 6. Bb2 e6 {->A13} 7. O-O Be7 (7... Bd6 {/\ Na6})
8. d3 O-O 9. Na3 Nbd7 (9... Qa5 10. Nc2 Na6 11. Rb1 axb3 12. axb3 Bd7 $10 {
Beliavsky-Salov, URS-55ch Moskau 1988}) 10. Nc2 b6 (10... a3 $6 11. Bc3 Bd6 12.
Re1 Qe7 13. e4 $14 {Bagirov-Zaitshik, Berlin 1989 (CBM13)}) 11. cxd5 Nxd5 (
11... exd5 $6 12. Ncd4 Bb7 13. Nf5 $36) (11... cxd5 12. Ncd4 Bb7 13. bxa4 Nc5
14. Nb5 Nxa4 15. Be5 $36) 12. e4 N5f6 13. b4 Bb7 14. Nd2 Qb8 15. a3 Rd8 16. Nc4
(16. d4 c5 $132) 16... Ba6 $6 17. Nd4 Bb7 18. e5 (18. f4 c5 $13) (18. Qe2 $14)
18... Nd5 19. Qg4 $6 (19. Re1 $5) (19. Bxd5 cxd5 (19... exd5 20. Nf5 $40) 20.
Ne3 Nxe5 (20... Qxe5 21. f4 $5 Qxe3+ 22. Kg2 {/\ Re1,Rf3}) 21. f4 Ng6 $13)
19... Nxe5 $1 20. Nxe5 (20. Qe2 $2 Ng6 21. Nxe6 fxe6 22. Qxe6+ Kh8 $19) 20...
Qxe5 21. Nxc6 (21. Rfe1 Qf6 (21... Qb8 $2 22. Nxe6) 22. Nxc6 Qxb2 23. Bxd5)
21... Qxb2 22. Bxd5 $1 (22. Nxe7+ Nxe7 23. Bxb7 Ra7 $17) 22... Qf6 (22... Bf8
23. Ne7+ (23. Nxd8 $2 Bxd5 24. Qh4 Qf6 $19) 23... Bxe7 24. Bxb7 Rab8 $15) (
22... exd5 $2 23. Nxe7+ Kh8 24. d4 {/\ Nf5+/-}) 23. Be4 Bxc6 24. Bxc6 Ra7 25.
Qd1 e5 26. Rc1 (26. Bxa4 e4 $15) 26... g6 27. Qc2 $6 Rc7 28. Rfd1 $2 (28. b5 $1
Bxa3 29. Ra1 Bc5 30. Rxa4) (28. Qxa4 Rxd3 $10 (28... Rdc8 29. b5 $16)) 28... b5
$19 {Weiß kann sich nicht mehr aus der Fesselung befreien.} 29. d4 exd4 30. Qe4
Rdc8 31. Re1 Bf8 32. Rcd1 Rxc6 33. Qd5 Rc2 34. Qxd4 Qxd4 35. Rxd4 Rc1 36. Kf1
Rxe1+ 37. Kxe1 Rc3 38. Rd5 Rxa3 39. Rxb5 Rb3 40. Ra5 $6 a3 (40... Bxb4+ $19)
0-1